| 000 | 01125nac a22002891u 4500 | ||
|---|---|---|---|
| 003 | EG-ScBUE | ||
| 005 | 20221109032848.0 | ||
| 008 | 221109t1997 at ab f 001 0 eng d | ||
| 020 | _a9056995375 (softcover) | ||
| 020 | _a9789056995379 | ||
| 035 | _a(OCoLC)ocm36806073 | ||
| 040 |
_aEG-ScBUE _beng _erda _cEG-ScBUE _dEG-ScBUE |
||
| 043 | _ae-ru--- | ||
| 082 | 0 | 4 |
_a720.947 _bBRU _222 |
| 100 | 1 |
_aBrumfield, William Craft, _d1944- _eauthor. |
|
| 245 | 1 | 0 |
_aLandmarks of Russian architecture : _ba photographic survey / _ctext and photographs by William Craft Brumfield, Tulane University, New Orleans, Louisiana. |
| 264 | 1 |
_aAustralia : _bGordon and Breach Publishers, _c[1997] |
|
| 264 | 4 | _cc1997 | |
| 300 |
_a246 pages : _billustrations, maps ; _c26 cm |
||
| 500 | _aIncludes index. | ||
| 650 | 7 |
_aArchitecture _zRussia (Federation) _xThemes, motives. _2BUEsh |
|
| 650 | 7 |
_aChurch architecture _zRussia (Federation) _xThemes, motives. _2BUEsh |
|
| 653 | _bENGARC | ||
| 655 |
_vReading book _934232 |
||
| 856 | 4 | 2 |
_3Publisher description _uhttp://www.loc.gov/catdir/enhancements/fy0653/99459980-d.html |
| 942 |
_cBB _2ddc |
||
| 999 |
_c5924 _d5924 |
||